000 01076nam0a2200337 i 4500
001 RU\NLR\BIBL_A\010356610
005 20240725035101.0
010 _a9785751612191
_93000
021 _aRU
_b2014-19229
_91196
035 _a(NILC)RuMoRGB-006760715
035 _a(NLR Aleph) 010356610
090 _a10764782
_c10764782
100 _a20140514d2014 um y0rusy50 ca
101 1 _arus
_cfre
102 _aRU
105 _ay|||z||||00ay
200 1 _aНеторопливый рассвет
_eроман
_fАнна Брекар
_gпер. с фр. Нины Хотинской
210 _aМосква
_cТекст
_d2014
215 _a155, [1] с.
_d17
225 1 _aПервый ряд
225 1 _aСовременная зарубежная проза
675 _a821.133.1(494)-31
686 1 _aШ6(4Ш)267-4(Лх1410)
700 1 _aБрекар
_bА.
_gАнна
801 0 _aRU
_bRuMoRKP
_c20140317
_gRCR
801 2 _aRU
_bРГБ
_c20140407
_grcr
942 _cBOOK
980 _aNBR